Представление документа в формате MARC21

ПолеНазваниеЗначение
  Тип записи a
  Библиографический уровень m
001 Контрольный номер RU\infra-m\znanium\bibl\2231446
005 Дата корректировки 20260429142312.1
008 Кодируемые данные 260120s2025 RU g rus u
020 Индекс ISBN __
a ISBN 978-5-9614-2068-5
040 Источник каталогиз. __
a Служба первич. каталог. Общество с ограниченной ответственностью «ЗНАНИУМ»
041 Код языка издания __
a Код языка текста rus
044 Код страны публикации __
a Код страны публикации RU
080 Индекс УДК __
a Индекс УДК 33
084 Индекс другой классификации/Индекс ББК __
2 Источник индекса rubbk
a Индекс другой классификации/Индекс ББК 65
084 Индекс другой классификации/Индекс ББК __
2 Источник индекса okso
a Индекс другой классификации/Индекс ББК 38.03.02
100 Автор __
a Автор Иванова С.В.
q Полное имя Иванова Светлана Владимировна
u Дополнение Самарский юридический институт Федеральной службы исполнения наказаний
245 Заглавие __
a Заглавие Продажи на 100%: Эффективные техники продвижения товаров и услуг
b Продолж. заглавия Практическое пособие
c Ответственность Самарский юридический институт Федеральной службы исполнения наказаний
250 Сведения об издании __
a Основные сведения об издании 6
260 Выходные данные __
a Место издания Москва
b Издательство ООО "Альпина Паблишер"
c Дата издания 2026
300 Физическое описание __
a Объем 274 с.
520 Аннотация __
a Аннотация Все мы каждый день что-нибудь продаем — кто-то делает это по роду деятельности а кто-то «реализует» собственные идеи коллегам руководству подчиненным и даже друзьям и род ственникам. И от того насколько мы будем убедительны применяя умение задавать вопросы методику выявления мотивов и потребностей человека знание основ невербального поведения и другие приемы зависит наш успех. Овладеть технологией эффективных продаж вам поможет эта книга. В ней проанализированы примеры оптовых и розничных продаж товаров различных ценовых категорий которые легли в основу задач позволяющих закрепить полученные знания. Книга предлагает готовые рецепты которые вы сможете адаптировать к собственному бизнесу и начать применять на следующий же день после ее прочтения. Здесь вы найдете минимум общих советов и максимум конкретных решений. Книга адресована специалистам по продажам.
521 Примеч. о цел. назн. __
a Примеч. о целев. назн. Дополнительное профессиональное образование
650 Тематические рубрики __
a Основная рубрика Бизнес. Предпринимательство. Сервис
x Основная подрубрика Искусство продаж
655 Указ. предметных рубрик (устаревшее) __
a Жанр/ форма (устаревшее) Практическое пособие
856 Электронный адрес документа 4_
a Имя сервера/домена znanium.ru
m Помощь ebs_support@infra-m.ru
n Местонахождение сервера НИЦ ИНФРА-М
u URL https://znanium.ru/catalog/document?id=471735
856 Электронный адрес документа 48
a Имя сервера/домена znanium.ru
d Путь /cover/2231
f Электронное имя 2231446.jpg
q Тип электронного формата image/jpeg
u URL https://znanium.ru/cover/2231/2231446.jpg
911 __
u 0030=https://znanium.ru/catalog/document?id=471735